000 00970nam a2200241Ia 4500
001 10658
003 GE_BSU
008 181216s||||||||xx |||||||||||||| ||und||
020 _a9994011987
040 _cGE_BSU
080 _a94(479.22)(075.8)
100 _aჯანჯღავა,ვახტანგ. გურული,ვახტანგ.ვაჩნაძე,მერაბ და სხვ.
245 _aსაქართველოს ისტორია:XIX საუკუნე
245 _bსახელმძღვ.ისტ.ფაკ.სტუდ.
245 _cრედ.ვახტანგ გურული,ბონდო კუპატაძე.
260 _aთბილისი.
260 _bარტანუჯი.
260 _c2004.
300 _a263გვ;29სმ.ფოტ.
541 _h13ლ.40თ.
653 _aსაქართველოს ისტორია:XIX საუკუნე
942 _cBK
999 _c43909
_d43909